000 01651namaa22003251i 4500
005 20260629122148.0
008 260629s1994 ua a|||frm||| 000 0 eng d
040 _aEG-GICUC
_beng
_cEG-GICUC
_dEG-GICUC
_erda
041 0 _aeng
_beng
_bara
049 _aDeposite
097 _aM.Sc
099 _aCai01.11.18.M.Sc.1994.Am.I.
100 0 _aAmr Ahmed Amin Nassar,
_epreparation.
245 1 0 _aInfluence Of Post- Methotrexate Folinc Acid Rescue On Regimen Related Liver Toxicity And Graft Versus Host Disease After Allogeneic Bone Marrow Transplantation /
_cBy Amr Ahmed Amin Nassar; Under Supervision Of Prof.Dr. Esmat A. Sheiba, Prof.Dr. Mohamed Ali Abd EL Hafez, Dr. Hossam Kamel Mahmoud.
246 1 5 _aتأثير العلاج بحمض الفولينيك على سمية عقار الميثوتركسات على الكبد وحدوث الطرد العكسي بعد اجراء عملية زراعة النخاع العظمى الغير ذاتي /
264 0 _c1994.
300 _a155 pages :
_billustrations ;
_c30 cm. +
336 _2rda content
_atext
337 _2rdamedia
_aUnmediated
338 _2rdacarrier
_avolume
502 _aThesis (M.Sc.) -Cairo University, 1994.
504 _aBibliography: pages 115-155.
653 0 _aInternal Medicine
700 0 _aEsmat A. Sheiba
_ethesis advisor.
700 0 _aMohamed Ali Abd EL Hafez
_ethesis advisor.
700 0 _aHossam Kamel Mahmoud
_ethesis advisor.
900 _DDepartment of Internal Medicine
_FFaculty of Medicine
_UCairo University
_b1994
_cEsmat A. Sheiba
_cMohamed Ali Abd EL Hafez
_cHossam Kamel Mahmoud
905 _aEman El gebaly
942 _2ddc
_cTH
_e21
_n0
999 _c180645